| 000 | 00674nam a2200181Ia 4500 | ||
|---|---|---|---|
| 008 | 151202s9999||||xx |||||||||||||| ||und|| | ||
| 082 | _bPNVM-71180 | ||
| 100 | _aटिळेकर चंद्रसेन. | ||
| 245 | _aप्रश्नोत्तर संगणक. | ||
| 260 | _b"दिलीपराज प्रकाशन, पुणे." | ||
| 260 | _c71180 | ||
| 300 | _a62 | ||
| 600 | _aटिळेकर चंद्रसेन. | ||
| 630 | _aप्रश्नोत्तर संगणक. | ||
| 700 | _aटिळेकर चंद्रसेन. | ||
| 730 | _aप्रश्नोत्तर संगणक. | ||
| 942 | _cBOOK | ||
| 999 |
_c1337683 _d1337680 |
||